| 000 | 00475nam a22001337a 4500 | ||
|---|---|---|---|
| 040 | _cNUST | ||
| 082 | _a220 PRO | ||
| 100 |
_aManahil Arshad Saeed Kazmi Syed Munawar Mohammad Haris Ehtsham Ul Haq _9100405 |
||
| 110 |
_aProject Supervisor Dr. Mohsin Islam Tiwana Co-Supervisor: Ma’am Ayesha Zeb _9100406 |
||
| 245 | _aPR-SOF-2142-Biomimicking Gait Analysis Platform | ||
| 260 |
_aISLAMABAD: _bNUST COLLEGE OF EME, _c2022. |
||
| 650 |
_aDE-MTS-40 _998604 |
||
| 942 |
_2ddc _cPR |
||
| 999 |
_c591854 _d591854 |
||